00526nam a22001577a 4500003000400000008004100004020001800045082001600063100001900079245008900098260005600187300001500243650003400258700002300292700005300315OSt260629b |||||||| |||| 00| 0 eng d a9789390660858 a658.3bE37S aElangovan, R.  aStochastic Models for Human Resource Management /by R. Elangovan, E. Susiganeshkumar aDelhi : bSatish Serial Publishing House, c2025. axi, 125 p. aTechnology (Applied sciences) aGeneral management aPersonnel management (Human Resource Management)